Estudios sobre desarrollo económico / (Registro nro. 8714)

Detalles MARC
000 -LEADER
fixed length control field 01352nam a2200277Ia 4500
003 - CONTROL NUMBER IDENTIFIER
control field OSt
005 - DATE AND TIME OF LATEST TRANSACTION
control field 20211104170216.0
008 - FIXED-LENGTH DATA ELEMENTS--GENERAL INFORMATION
fixed length control field 210310s1963 sp fr 000 0 spa d
040 ## - CATALOGING SOURCE
Original cataloging agency CO-JMCR
Transcribing agency CO-JMCR
041 1# - LANGUAGE CODE
Language code of text/sound track or separate title spa
Language code of original eng
082 04 - DEWEY DECIMAL CLASSIFICATION NUMBER
Classification number 338.9 /
Item number O419e
Edition number 23
100 1# - MAIN ENTRY--PERSONAL NAME
Personal name Okun, Bernard,
9 (RLIN) 18071
Relator term autor
245 10 - TITLE STATEMENT
Title Estudios sobre desarrollo económico /
Statement of responsibility, etc. Bernard Okun y Richard W. Richardson ; traducido por Demetrio Iparraguirre, S.J
260 ## - PUBLICATION, DISTRIBUTION, ETC.
Place of publication, distribution, etc. Bilbao :
Name of publisher, distributor, etc. Ediciones Deusto,
Date of publication, distribution, etc. 1964
300 ## - PHYSICAL DESCRIPTION
Extent 573 páginas ;
Dimensions 23 cm.
490 0# - SERIES STATEMENT
Series statement Colección economía
500 ## - GENERAL NOTE
General note Incluye notas a pie de página.<br/>Título original: Studies in the economic development
504 ## - BIBLIOGRAPHY, ETC. NOTE
Bibliography, etc. note Bibliografía: páginas [571]-573
505 0# - FORMATTED CONTENTS NOTE
Formatted contents note Los países desarrollados: Teorías y modelos de desarrollo -- Los países subdesarrollados: Planteamientos modernos del desarrollo -- Características de las economías en desarrollo -- Problemas de significación y de medidas -- Tierra, trabajo, capital y función empresarial -- Valores e instituciones -- Políticas y planes de desarrollo
546 ## - LANGUAGE NOTE
Language note Traducido del inglés.
650 14 - SUBJECT ADDED ENTRY--TOPICAL TERM
Topical term or geographic name entry element Desarrollo económico
9 (RLIN) 18073
650 24 - SUBJECT ADDED ENTRY--TOPICAL TERM
Topical term or geographic name entry element Políticas y planes de desarrollo
9 (RLIN) 41424
700 1# - ADDED ENTRY--PERSONAL NAME
Personal name Richardson, Richard W.,
Relator term autor
9 (RLIN) 41425
700 1# - ADDED ENTRY--PERSONAL NAME
Personal name S.J, Demetrio Iparraguirre,
Relator term traductor
9 (RLIN) 41426
942 ## - ADDED ENTRY ELEMENTS (KOHA)
Source of classification or shelving scheme Dewey Decimal Classification
Koha item type Books
Existencias
Withdrawn status Lost status Source of classification or shelving scheme Damaged status Not for loan Collection code Home library Current library Date acquired Source of acquisition Full call number Barcode Date last seen Copy number Koha item type
    Dewey Decimal Classification     Non-fiction Biblioteca Pública José María del Castillo y Rada Biblioteca Pública José María del Castillo y Rada 04/15/2018 Donación 338.9 / O419e 430005973 05/16/2024 Ej.1 Books